<?xml version="1.0" encoding="UTF-8"?>
<record
    xmlns:xsi="http://www.w3.org/2001/XMLSchema-instance"
    xsi:schemaLocation="http://www.loc.gov/MARC21/slim http://www.loc.gov/standards/marcxml/schema/MARC21slim.xsd"
    xmlns="http://www.loc.gov/MARC21/slim">

  <leader>01185nam a2200229Ia 4500</leader>
  <controlfield tag="001">L830-49568</controlfield>
  <controlfield tag="003">IT-CnALBA</controlfield>
  <controlfield tag="008">170116s9999||||xx |||||||||||||| ||und||</controlfield>
  <datafield tag="040" ind1=" " ind2=" ">
    <subfield code="a">IT-CnALBA</subfield>
    <subfield code="c">IT-CnALBA</subfield>
  </datafield>
  <datafield tag="041" ind1=" " ind2=" ">
    <subfield code="a">ITALIANO</subfield>
  </datafield>
  <datafield tag="100" ind1=" " ind2=" ">
    <subfield code="a">MANARINI ALBERTO</subfield>
  </datafield>
  <datafield tag="245" ind1=" " ind2="0">
    <subfield code="a">I LUNGHI ANNI. ROMANZO. </subfield>
  </datafield>
  <datafield tag="250" ind1=" " ind2=" ">
    <subfield code="a">1a ed.</subfield>
  </datafield>
  <datafield tag="260" ind1=" " ind2=" ">
    <subfield code="a">FIRENZE</subfield>
    <subfield code="b">L'AUTORE LIBRI</subfield>
    <subfield code="c">1994 [1&#xB0; Ed.:1994 - Ed.Ling.Originale: 1994]</subfield>
  </datafield>
  <datafield tag="300" ind1=" " ind2=" ">
    <subfield code="a">141 p. </subfield>
  </datafield>
  <datafield tag="500" ind1=" " ind2=" ">
    <subfield code="a">AMORI E SPERANZE TRA I FRAGORI DELLA GUERRA. ANNI QUARANTA. TRE RAGAZZE PIACENTINE LEGATE DA AMICIZIA. AIUTO VICENDEVOLE NEI DISAGI DEL TEMPO. AMORE AL PRIMO POSTO. LOTTA PER PROSEGUIMENTO ASPIRAZIONI. LIETTA ATTRATTA DALLE LUSINGHE DELLA CITT&#xC0;. BETTINA M</subfield>
  </datafield>
  <datafield tag="501" ind1=" " ind2=" ">
    <subfield code="a">Societ&#xE0; San Paolo EM - Piazza San Paolo, 14 - 12051 ALBA (CN)  (non commercial uses only) &#xAE; Copyright 2017</subfield>
  </datafield>
  <datafield tag="520" ind1=" " ind2=" ">
    <subfield code="a">AMORI E SPERANZE TRA I FRAGORI DELLA GUERRA. ANNI QUARANTA. TRE RAGAZZE PIACENTINE LEGATE DA AMICIZIA. AIUTO VICENDEVOLE NEI DISAGI DEL TEMPO. AMORE AL PRIMO POSTO. LOTTA PER PROSEGUIMENTO ASPIRAZIONI. LIETTA ATTRATTA DALLE LUSINGHE DELLA CITT&#xC0;. BETTINA M</subfield>
  </datafield>
  <datafield tag="650" ind1=" " ind2=" ">
    <subfield code="a">LETTERATURA TEDESCA E ALTRE</subfield>
  </datafield>
  <datafield tag="942" ind1=" " ind2=" ">
    <subfield code="c">BK</subfield>
  </datafield>
  <datafield tag="957" ind1=" " ind2=" ">
    <subfield code="7">1</subfield>
  </datafield>
  <datafield tag="999" ind1=" " ind2=" ">
    <subfield code="a">56093</subfield>
    <subfield code="b">NO</subfield>
    <subfield code="g"> Copie: 1 </subfield>
    <subfield code="c">308483</subfield>
    <subfield code="d">308483</subfield>
  </datafield>
  <datafield tag="952" ind1=" " ind2=" ">
    <subfield code="0">0</subfield>
    <subfield code="1">0</subfield>
    <subfield code="4">0</subfield>
    <subfield code="6">L_83049568</subfield>
    <subfield code="7">1</subfield>
    <subfield code="a">ALBA</subfield>
    <subfield code="b">ALBA</subfield>
    <subfield code="d">2017-01-16</subfield>
    <subfield code="l">0</subfield>
    <subfield code="o">L830-49568</subfield>
    <subfield code="r">2017-01-16 00:00:00</subfield>
    <subfield code="w">2017-01-16</subfield>
    <subfield code="y">BK</subfield>
    <subfield code="z">(data import: 16 gennaio 2017) - By Epidotti, Vaglietti. </subfield>
  </datafield>
</record>
